000 00668nam a22002057a 4500
999 _c9850
_d9850
003 AR-CdUCM
008 190328b ||||| |||| 00| 0 spa d
040 _aMUNICIPALIDAD PROVINCIAL DEL CUSCO
_cBIBLIOTECA MUNICIPAL DEL CUSCO
082 _aC / 869.56 /
_bE88T
100 _aEspinoza Salazar, Ricardo
_926340
245 _aEl tiempo y otras distancias /
260 _aLima :
_c1963.
300 _a6 paginas ;
_c23 cm.
500 _aContiene dedicatoria del mismo autor del libro dirigida a Luis Nieto
650 _aPoesia Peruana
_9280
650 _aPoesia Latinoamericana
_92147
650 _aPoesia Existencialista
_926341
942 _2ddc
_cLIBROS
945 _artm